Vyhľadávanie anomalií v 2.5D (3D) obraze

Na minha lista:
Detalhes bibliográficos
Autor principal: Haľama, Matúš Ján (Author)
Outros Autores: Komák, Martin (Thesis advisor)
Formato: Manuscrito Livro
Idioma:eslovaco
Publicado em: 2025
Assuntos:
Acesso em linha:http://is.stuba.sk/zp/portal_zp.pl?podrobnosti=183861
Tags: Adicionar Tag
Sem tags, seja o primeiro a adicionar uma tag!

MARC

LEADER 00000ntm a22000003a 4500
001 stuzp105767
003 SK-STU
005 20250607211527.0
007 ta
008 150427s2015----xo-----f-mn---000-0-slo-d
040 |a STU  |b slo 
041 0 |a slo 
100 1 |a Haľama, Matúš Ján  |u 070200  |4 aut  |U FIIT Fakulta informatiky a informačných technológií  |T FIIT Ústav informatiky, informačných systémov a softvérového inžinierstva  |X 102929  |U I200  |Y 179  |7 102929 
242 0 1 |a Detection of anomalies in 2.5D (3D) image  |y eng 
245 1 0 |a Vyhľadávanie anomalií v 2.5D (3D) obraze 
260 |c 2025 
650 4 |a machine learning  |2 eng 
650 4 |a anomaly  |2 eng 
650 4 |a image processing  |2 eng 
650 4 |a 3D data  |2 eng 
650 4 |a anomaly detection  |2 eng 
650 4 |a anomálie  |2 slo 
650 4 |a 3D dáta  |2 slo 
650 4 |a strojové učenie  |2 slo 
650 4 |a spracovanie obrazu  |2 slo 
650 4 |a detekcia anomálií  |2 slo 
700 1 |a Komák, Martin  |u 070200  |k Z1  |4 ths  |U FIIT Fakulta informatiky a informačných technológií  |T FIIT Ústav informatiky, informačných systémov a softvérového inžinierstva  |X 68441  |U I200  |Y 179  |7 A000068441 
856 4 |u http://is.stuba.sk/zp/portal_zp.pl?podrobnosti=183861